| 000 | 00922nam a22001817a 4500 | ||
|---|---|---|---|
| 999 |
_c63571 _d63571 |
||
| 003 | Ge_BSU | ||
| 005 | 20251103165204.0 | ||
| 008 | 251103s1968 ge ||||| |||| 00| 0 geo d | ||
| 041 | _ageo | ||
| 080 | _a631.115.6(479.22) ო-51 | ||
| 100 |
_aორაგველიძე, მიხეილ _926149 |
||
| 245 |
_aძმობის ხიდი : _b[უკრ. და ქართველ კოლმეურნეების თანამეგობრობის შესახებ] / _cმიხეილ ორაგველიძე. |
||
| 264 |
_aთბილისი : _b საბჭ. საქართველო, _c1968. |
||
| 300 |
_a295 გვ. : _b5 ფ. ილ. ; _c20 სმ. |
||
| 653 | _aკოლმეურნეობები უკრაინაში | ||
| 653 | _aკოლმეურნეობები საქართველოში | ||
| 942 |
_2udc _cᲬᲘᲒᲜᲘ |
||